Australie ou Nouvelle-Zélande - Statistiques

Statistiques générales
  • Ce quiz a été pris 245 fois
  • Le résultat moyen est 7 sur 10
Statistiques - réponses
Question Réponse % Correct
Celui ayant la plus grande ville Australie
96%
Pays champion de la Coupe du monde masculine de rugby à XV en 2011 et 2015 Nouvelle-Zélande
92%
Wellington est une ville de ce pays Nouvelle-Zélande
86%
Celui étant le plus proche de l'Antarctique Nouvelle-Zélande
84%
Pays qualifié pour la Coupe du monde 2022 Australie
82%
Celui étant le plus densément peuplé Nouvelle-Zélande
64%
Pays produisant le plus de lait Nouvelle-Zélande
56%
Pays champion de la Coupe du monde féminine de rugby à XV en 2017 Nouvelle-Zélande
48%
Celui étant le plus proche du Canada Australie
34%
Pays ayant le plus de moutons Australie
18%
Aucun quiz correspondant
Distribution des résultats
% des personnes avec chaque résultat
Percentile par nombre de réponses
Votre historique - résultats
Vous n’avez pas pris ce quiz